Biosfera 2 : biología /

Guardado en:
Autor Principal: Hurrell, Julio
Otros Autores: Furman, Melina, Berler, Valeria, Roizman, Gabriel
Formato: Libro
Publicado: Buenos Aires : Sm, 2005
Series:Educación en valores integrada en el área
Materias:
Etiquetas: Agregar Etiqueta
Sin Etiquetas, Sea el primero en etiquetar este registro!
LEADER 01237nam a22002775a 4500
001 CEM.cems012996
005 20081016105256.0
008 130507s2005##################000#0#####d
003 CEMS
020 |a 9875730416 
082 0 4 |a Z570 
100 1 |a Hurrell, Julio 
245 1 0 |a Biosfera 2 :  |b biología /  |c Julio Hurrell ... [et Al.] 
260 |a Buenos Aires :  |b Sm,  |c 2005 
300 |a 192 p. 
490 0 |a Educación en valores integrada en el área 
500 |a Proyecto Mundo para todospara nivel Educación Secundaria Básica 
505 0 |a Células vegetales y animales -- El núcleo celular -- Salud, cultura y responsabilidad social -- La reproducción celular -- La reproducción de los organismos -- La diversidad de la vida -- El hombre y la biodiversidad -- La evolución biológica -- La historia de la vida -- Salud, cultura y responsabilidad social -- Salud y enfermedad 
653 |a Biología 
653 |a Biología-educación secundaria básica 
653 |a Biología 2º-esb 
700 1 |a Furman, Melina 
700 1 |a Berler, Valeria 
700 1 |a Roizman, Gabriel 
859 |a CEMS  |b BIB. CEMS - 11 de abril  |h Z570  |i H491  |p 25400.08  |t Ej.1  |v 2  |3 2 
859 |a CEMS  |b BIB. CEMS - 11 de abril  |h Z570  |i H491  |p 25401.08  |t Ej.2  |v 2  |3 2